[Event "Prague Summer op-B 9th"]
[Site "Prague"]
[Date "2022.08.07"]
[Round "3"]
[White "Pitera, Michal"]
[Black "Engel, Tomas"]
[Result "1-0"]
[WhiteElo "1798"]
[BlackElo "1524"]
[PlyCount "77"]
[EventDate "2022.08.05"]
[EventType "swiss"]
[EventRounds "9"]
[EventCountry "CZE"]
[SourceTitle "EXT 2023"]
[Source "ChessBase"]
[SourceDate "2022.10.05"]
[SourceVersion "1"]
[SourceVersionDate "2022.10.05"]
[SourceQuality "1"]

1. d4 d5 2. c4 e6 3. Nc3 Nf6 4. cxd5 exd5 5. Bg5 Nbd7 6. e3 c6 7. Bd3 Bd6 8. Qc2 h6 9. Bh4 0-0 10. Nge2 Qc7 11. Bg3 c5 12. Bxd6 Qxd6 13. dxc5 Nxc5 14. h3 Re8 15. 0-0 Nfe4 16. Rad1 Qe5 17. Nxd5 Qxd5 18. Bb5 Qe5 19. Bxe8 Qxe8 20. f3 Ng3 21. Nxg3 Qxe3+ 22. Qf2 Qe5 23. f4 Qe7 24. Rfe1 Qf8 25. f5 b6 26. f6 g5 27. Re7 Be6 28. Nf5 Ne4 29. Qf3 Nxf6 30. Nxh6+ Kg7 31. Rc7 Nd5 32. Rxd5 Bxd5 33. Nf5+ Kh7 34. Qh5+ Kg8 35. Ne7+ Kg7 36. Qxg5+ Kh7 37. Nxd5 Rd8 38. Rc4 Qg7 39. Rh4+ 1-0

[Event "Prague Summer op-B 4th"]
[Site "Prague"]
[Date "2017.08.06"]
[Round "4"]
[White "Engel, Tomas"]
[Black "Paseka, Christian"]
[Result "0-1"]
[WhiteElo "1485"]
[BlackElo "1766"]
[PlyCount "70"]
[EventDate "2017.08.04"]
[EventType "swiss"]
[EventRounds "9"]
[EventCountry "CZE"]
[SourceTitle "EXT 2019"]
[Source "ChessBase"]
[SourceDate "2018.10.10"]
[SourceVersion "1"]
[SourceVersionDate "2018.10.10"]
[SourceQuality "1"]

1. e4 c5 2. Nf3 d6 3. d4 cxd4 4. Nxd4 Nf6 5. Nc3 Nc6 6. Be3 a6 7. f3 Qc7 8. Qd2 Nxd4 9. Bxd4 e5 10. Be3 Be7 11. 0-0-0 0-0 12. g4 h6 13. h4 Be6 14. h5 Nh7 15. Nd5 Bxd5 16. exd5 Rac8 17. Kb1 f5 18. gxf5 Bg5 19. Bh3 Bxe3 20. Qxe3 Qxc2+ 21. Ka1 Nf6 22. Rhg1 Kh8 23. Rc1 Qa4 24. Rxc8 Rxc8 25. Qd2 Qd7 26. f4 Rc5 27. fxe5 dxe5 28. d6 Rd5 29. Qe2 Rxd6 30. a3 e4 31. Rf1 Rd2 32. Qe3 Rd1+ 33. Rxd1 Qxd1+ 34. Ka2 Qd5+ 35. b3 Nxh5 0-1

[Event "Prague Golden op 10th"]
[Site "Prague"]
[Date "2014.06.23"]
[Round "3"]
[White "Landa, Jiri"]
[Black "Engel, Tomas"]
[Result "1-0"]
[WhiteElo "1917"]
[BlackElo "1360"]
[PlyCount "85"]
[EventDate "2014.06.22"]
[EventType "swiss"]
[EventRounds "9"]
[EventCountry "CZE"]
[SourceTitle "CBM 161 Extra"]
[Source "ChessBase"]
[SourceDate "2014.08.29"]
[SourceVersion "1"]
[SourceVersionDate "2014.08.29"]
[SourceQuality "1"]

1. d4 d5 2. c4 e6 3. Nc3 Nf6 4. Bg5 Be7 5. e3 Nbd7 6. Nf3 0-0 7. Rc1 c6 8. Bd3 dxc4 9. Bxc4 c5 10. 0-0 b6 11. Qc2 Bb7 12. Ne5 Nd5 13. Bxe7 Qxe7 14. Nxd7 Qxd7 15. dxc5 Nb4 16. Qb3 Qc6 17. e4 Qxc5 18. Rfd1 Rfd8 19. a3 Nc6 20. Ne2 Nd4 21. Nxd4 Rxd4 22. Bxe6 Rxd1+ 23. Qxd1 Qe5 24. Bxf7+ Kxf7 25. Qd7+ Qe7 26. Rc7 Qxd7 27. Rxd7+ Kf6 28. Rxb7 Rc8 29. f3 Rc1+ 30. Kf2 Rc2+ 31. Kg3 Rxb2 32. Rxa7 b5 33. Rb7 Ra2 34. Rb6+ Kf7 35. Rxb5 Rxa3 36. h4 Rc3 37. Kf4 Rc2 38. g4 Rc3 39. Rb7+ Kf8 40. g5 Kg8 41. Kg4 Rc4 42. h5 Ra4 43. g6 1-0